000 00294nam a22001337a 4500
008 180807b xxu||||| |||| 00| 0 eng d
082 _a813.52
245 _aInstructor's Reset
_cMANSUETTI.L
260 _c2002
300 _a1
_fCD
440 _x0072426330
760 _b2 nd
942 _2ddc
_cMX
999 _c46905
_d46905